01637nab a22003017a 4500999001500000003000400015005001700019008004100036040000700077100002400084245027100108260007300379300001500452500002600467505031000493505008200803650002300885650002300908650004600931650003400977650003201011650003201043650003101075650001801106700004101124773015701165942001301322 c5275d5275OSt20250211134112.0190429b xxu||||| |||| 00| 0 spa d cPJ aMoyano, Lucas9633010aCiberexplotación sexual infantil. El uso de la inteligencia artificial para la creación de material de abuso sexual infantil :banálisis jurídico. Problemática actual. Propuestas de reforma en el derecho argentino /cLucas Moyano, María José Motta. cCiudad Autónoma de Buenos Aires :aThomson Reuters La Ley, b2025. ap. 141-169 aCita: AR/DOC/72/2025. aSumario: I. Introducción.— II. Como amplifica la IA la problemática.— III. ¿Cómo encaja el material generado por IA en el marco legal actual?— IV. La responsabilidad penal y civil derivada del uso de IA en la creación de material abusivo.— V. Reflexiones finales.— VI. Bibliografía.  tSi te interesa el texto completo, solicitalo a koha@justierradelfuego.gov.ar  09343aDERECHO PENAL 092903aABUSO SEXUAL 092902aDELITOS CONTRA LA INTEGRIDAD SEXUAL 095817aINTELIGENCIA ARTIFICIAL 091467aRESPONSABILIDAD CIVIL 091468aRESPONSABILIDAD PENAL 093047aVÍCTIMA DEL DELITO 091056aMENORES 96331aMotta, María Joséecoautor0 0265893164tRevista de derecho penal y criminología. Nº 1 - Febrero 2025dCiudad Autónoma de Buenos Aires : Thomson Reuters La Ley, 2017-x00347914 2udccANA